| 000 | 00791cam a2200241 a 4500 | ||
|---|---|---|---|
| 001 | 4505415 | ||
| 005 | 20250109092411.0 | ||
| 008 | 980205s1998 maua b 001 0 eng | ||
| 020 | _a0262024438 (hc : alk. paper) | ||
| 020 | _a9780262024433 | ||
| 050 | 0 | 0 |
_aHF1379 _b.B5 1998 |
| 082 | 0 | 0 |
_a382 _221 |
| 100 | 1 |
_aBhagwati, Jagdish N., _d1934- |
|
| 245 | 1 | 0 | _aLectures on international trade. |
| 250 |
_a2nd ed. / _bJagdish N. Bhagwati, Arvind Panagariya, T.N. Srinivasan. |
||
| 260 |
_aCambridge, Mass. : _bMIT Press, _c1998. |
||
| 300 |
_axii, 602 p. : _bill. ; _c26 cm. |
||
| 650 | 0 |
_aInternational trade _xEconometric models. |
|
| 650 | 0 |
_aCommercial policy _xEconometric models. |
|
| 700 | 1 | _aPanagariya, Arvind. | |
| 700 | 1 |
_aSrinivasan, T. N., _d1933- |
|
| 942 |
_2lcc _cBK _e2nd Ed. _n0 |
||
| 999 |
_c2477 _d2477 |
||